Kraje gdzie język niemiecki jest oficjalny - Statystyki

Ogólne statystyki
  • Ten quiz został rozwiązany 193 razy
  • Średni wynik to 6 z 8
Statystyki odpowiedzi
Kraj po Polsku Kraj po niemiecku % Poprawnych
Polska Polen
98%
Niemcy Deutschland
86%
Liechtenstein Liechtenstein
86%
Włochy Italien
78%
Austria Österreich
72%
Luksemburg Luxemburg
66%
Szwajcaria Schweiz
62%
Belgia Belgien
56%
Nie znaleziono quizów pasujących do podanych kryteriów
Rozkład punktacji
Procent ludzi z każdym wynikiem
Percentyl według liczby udzielonych odpowiedzi
Twoja historia wyników
Nie rozwiązałeś tego quizu